Introduction a la theorie des series de fourier et des series orthogonales generales /
Guardado en:
| Autor Principal: | |
|---|---|
| Formato: | Libro |
| Publicado: |
Bahía Blanca :
Universidad Nacional del Sur / Instituto de Matemática,
1960
|
| Materias: | |
| Etiquetas: |
Agregar Etiqueta
Sin Etiquetas, Sea el primero en etiquetar este registro!
|
| LEADER | 00626nam a22001935a 4500 | ||
|---|---|---|---|
| 001 | CEM.cems000444 | ||
| 005 | 20060210000000.0 | ||
| 008 | 130507s1960##################000#0#####d | ||
| 003 | CEMS | ||
| 082 | 0 | 4 | |a 514 |
| 100 | 1 | |a Alexits, G. | |
| 245 | 1 | 0 | |a Introduction a la theorie des series de fourier et des series orthogonales generales / |
| 260 | |a Bahía Blanca : |b Universidad Nacional del Sur / Instituto de Matemática, |c 1960 | ||
| 300 | |a 186 p. | ||
| 653 | |a Matematica | ||
| 653 | |a Matematica | ||
| 653 | |a Series trigonometricas | ||
| 653 | |a Series trigonometricas | ||
| 859 | |a CEMS |b BIB. CEMS - 11 de abril |h 514 |i Al26 |p 1329.74 |t Ej.1 | ||
